| 000 | 01392nam a22002297a 4500 | ||
|---|---|---|---|
| 999 |
_c23877 _d23877 |
||
| 005 | 20210325185807.0 | ||
| 008 | s2511 th tha d | ||
| 040 | _aNALT | ||
| 041 | _atha | ||
| 090 |
_aอศ _bส851อ 2511 |
||
| 100 | 0 |
_925421 _aสุรเทิน บุนนาค |
|
| 245 | 1 | 0 |
_aอุตสาหกรรมครั่ง / _cพระบาทสมเด็จพระปรมินทรมหาภูมิพลอดุลยเดช มีพระบรมราชโองการโปรดเกล้าฯ ให้ นายสุรเทิน บุนนาค เรียบเรียง. |
| 260 |
_aพระนคร : _bโรงพิมพ์พระจันทร์, _c2511. |
||
| 300 |
_a81 หน้า : _bภาพประกอบ ; _c23 ซม. |
||
| 500 | _aโปรดเกล้าฯ ให้พิมพ์แจกในงานพระราชทานเพลิงศพ นายสุรเทิน บุนนาค ท.จ. วันเสาร์ที่ 20 กรกฎาคม 2511 ณ เมรุวัดเทพศิรินทราวาส | ||
| 600 | 0 | 4 |
_925424 _aสุรเทิน บุนนาค, _d2459-2511 |
| 650 | 4 |
_aครั่ง _925425 |
|
| 650 | 4 |
_aป่านรามี _925426 |
|
| 850 | _aNALT | ||
| 942 |
_cRRB _2local |
||